00688nam a2200241 a 4500001001300000003000900013005001700022008004100039020001000080082001800090100001800108245001600126260004000142300000900182500003500191505001700226650002000243700001800263902000800281942000700289952013300296999001700429nice12345678IN_TiNIC20260116015223.0050524s1973 newa grp 000 0 eng  ac25000a294.5513bBUC aBuck, William aMahabharata aNew YorkbMeridian Books, Incc1973 a249p aincludes index and biblioraphy2 aNotes, Index aMythology-Hindu1 aBuck, William bSRS cBK 001040708StackRoom-aHMIbHMId2007-07-24g250.00l2o294.5513 BUCp11001602r2019-12-12s2019-11-05v250.00w2005-05-24yBK c18805d18805